ბათუმის შოთა რუსთაველის სახელმწიფო უნივერსიტეტის ბიბლიოთეკა

Геометрия в 10 классе:пособие для учителя. (ბიბ.ჩანაწერი № 38791)

000 -LEADER
fixed length control field 00554nam a2200205Ia 4500
001 - CONTROL NUMBER
control field 5144
003 - CONTROL NUMBER IDENTIFIER
control field GE_BSU
008 - FIXED-LENGTH DATA ELEMENTS--GENERAL INFORMATION
fixed length control field 181216s||||||||xx |||||||||||||| ||und||
040 ## - CATALOGING SOURCE
Transcribing agency GE_BSU
080 ## - UNIVERSAL DECIMAL CLASSIFICATION NUMBER
Universal Decimal Classification number 514(072)
100 ## - MAIN ENTRY--PERSONAL NAME
Personal name Иванова. Т.А.и др.
245 ## - TITLE STATEMENT
Title Геометрия в 10 классе:пособие для учителя.
250 ## - EDITION STATEMENT
Edition statement Изд. 2-е
260 ## - PUBLICATION, DISTRIBUTION, ETC.
Place of publication, distribution, etc. Москва
260 ## - PUBLICATION, DISTRIBUTION, ETC.
Name of publisher, distributor, etc. Просвещение.
260 ## - PUBLICATION, DISTRIBUTION, ETC.
Date of publication, distribution, etc. 1984
300 ## - PHYSICAL DESCRIPTION
Extent 127 с. 22 см.
653 ## - INDEX TERM--UNCONTROLLED
Uncontrolled term еометрия в 10 классе
942 ## - ADDED ENTRY ELEMENTS (KOHA)
Koha item type წიგნი
ეგზემპლარები
Withdrawn status Lost status Damaged status Not for loan Date acquired Barcode Date last seen Price effective from Koha item type
        2018-12-17 15936 2018-12-17 2018-12-17 წიგნი